00386cam a2200157ua 45000010005000000080039000050400009000440820011000531000034000642450039000982500009001372600037001463000016001836530013001996530016002123530111121n ii |||gr||||Z||||||asm cMAIN a495.41 aBaruah, Ghana kanta,eAuthor.11aAhom Primarcby Ghana Kanta baruah a2nd. aGuwahati:bDept. of History,968. a57p:c23cm. aAssamese aAhom Primar